[Event "2004 WA Championship"]
[Site "?"]
[Date "2004.08.22"]
[Round "8"]
[White "Markou, Victor"]
[Black "Saxon, Marc"]
[Result "0-1"]
[WhiteElo "1506"]
[BlackElo "1617"]

1. e4 d6 2. Nf3 g6 3. g3 Bg7 4. Bg2 Nd7 5. d3 e5 6. O-O Ne7 7. Nbd2 O-O 
8. Re1 f5 9. Nf1 Nf6 10. Bg5 h6 11. Bd2 Qe8 12. h4 Kh7 13. c3 Ng4 14. N1h2 Qf7 15. Qe2 fxe4 16. dxe4 c6 17. Rf1 d5 18. Nxg4 Bxg4 19. Ng5+ hxg5 20. Qxg4 gxh4 21. Qxh4+ Kg8 22. exd5 Bf6 23. Bg5 cxd5 24. Bxf6 Qxf6 25. Qxf6 Rxf6 26. Rad1 Rb6 27. Rd2 Kf7 28. Re1 Kf6 29. f3 Rd8 30. Rde2 Nc6 31. Bf1 d4 32. Kf2 Ra6 33. a3 Ra5 34. cxd4 exd4 35. Rd2 Re5 36. Rxe5 Kxe5 37. f4+ Kf6 38. Bd3 Ne7 39. Be4 Nc6 40. Ke2 Na5 41. Kd3 Nb3 42. Re2 Nc1+ 43. Kd2 Nxe2 44. Kxe2 b6 0-1

[Event "2004 WA Championship"]
[Site "?"]
[Date "2004.08.22"]
[Round "8"]
[White "Shaw, Robin"]
[Black "Tomic, Nedeljko"]
[Result "0-1"]
[WhiteElo "1669"]
[BlackElo "1622"]

1. e4 e5 2. Nf3 Nc6 3. d4 exd4 4. c3 d5 5. exd5 Qxd5 6. Nxd4 Nxd4 7. Qxd4 Qxd4 8. cxd4 Be6 9. Be2 Nf6 10. Nc3 O-O-O 11. O-O h6 12. a4 a6 13. Rd1 Bb3 14. Rd3 g5 15. Ne4 Nxe4 16. Rxb3 f5 17. f3 Nf6 18. Be3 Nd5 19. Bf2 f4 20. Bd3 Bd6 21. Bf5+ Kb8 22. Be4 Bf8 23. Rc1 h5 24. a5 Rh6 25. Re1 Re6 26. Rc1 c6 27. Bd3 Nc7 28. Kf1 Nb5 29. Bxb5 axb5 30. Rd3 Rd5 31. Re1 Rxe1+ 32. Bxe1 c5 33. Bf2 c4 34. Rd2 Bb4 35. Re2 Bxa5 36. Re8+ Kc7 37. Re7+ Kc6 38. Re6+ Kd7 39. Rh6 h4 40. Rh7+ Kc6 41. Rh6+ 0-1

[Event "2004 WA Championship"]
[Site "?"]
[Date "2004.08.22"]
[Round "8"]
[White "Hardegen, Andrew"]
[Black "Haselgrove, Miles"]
[Result "1-0"]
[WhiteElo "1892"]
[BlackElo "1481"]

1. d4 Nf6 2. c4 g6 3. Nc3 Bg7 4. e4 d6 5. Nf3 O-O 6. Be2 e5 7. O-O Nc6 8. d5 Ne7 9. Ne1 Nd7 10. Be3 f5 11. f3 Kh8 12. b4 Nf6 13. c5 f4 14. Bf2 g5 15. cxd6 cxd6 16. Rc1 Bd7 17. Nb5 Bxb5 18. Bxb5 Rg8 19. h3 h5 20. Qd3 Bh6 21. a4 g4 22. hxg4 hxg4 23. fxg4 Nxg4 24. Qh3 Kh7 25. a5 Nf6 26. Bh4 Rg6 27. Nf3 Kg7 28. Rfe1 Ng4 29. Bxe7 Qxe7 30. Nh4 Rg5 31. Nf5+ Rxf5 32. exf5 Ne3 33. f6+ Qxf6 34. Rc7+ Kh8 35. Bd3 Kg8 36. Qf3 Rf8 37. Qe4 Rf7 38. Rc8+ 1-0

[Event "2004 WA Championship"]
[Site "?"]
[Date "2004.08.29"]
[Round "9"]
[White "Humphries, Ryan"]
[Black "Whitehead, Paul"]
[Result "0-1"]
[WhiteElo "1431"]
[BlackElo "1654"]

1. e4 c5 2. Nf3 Nc6 3. d4 cxd4 4. Nxd4 g6 5. Nc3 Bg7 6. Be3 Nf6 7. f3 O-O 8. Bc4 Qb6 9. Qd2 Nxe4 10. Nxc6 Qxb2 11. Nxe7+ Kh8 12. Nxe4 Qxa1+ 13. Qd1 Qe5 14. Bc5 f5 15. Nxc8 Rfxc8 16. Bd4 Qxd4 17. Nd6 Rxc4 0-1

[Event "2004 WA Championship"]
[Site "?"]
[Date "2004.08.29"]
[Round "9"]
[White "Payne, Sophie"]
[Black "Ellis, David"]
[Result "1-0"]
[WhiteElo "1681"]
[BlackElo "2034"]

1. e4 Nc6 2. d4 d5 3. e5 Bf5 4. Nf3 e6 5. Bd3 Bg6 6. c3 Qd7 7. O-O O-O-O 8. a4 f6 9. b4 Bxd3 10. Qxd3 a5 11. Bd2 Nge7 12. Na3 Ng6 13. Qe2 Be7 14. Rfb1 Rdf8 15. Nb5 fxe5 16. Nxe5 Ngxe5 17. dxe5 Rf5 18. bxa5 Bc5 19. Be3 Rxe5 20. a6 b6 21. a5 Bxe3 22. fxe3 d4 23. axb6 Rxe3 24. Na7+ Kd8 25. Nxc6+ Qxc6 26. Qxe3 dxe3 27. b7 Ke7 28. a7 e2 29. b8=Q Qc5+ 
30. Kh1 1-0